MARC details
| 000 -LEADER |
| campo de control de longitud fija |
03319cam a22004694a 4500 |
| 001 - NÚMERO DE CONTROL |
| campo de control |
6971370 |
| 003 - IDENTIFICADOR DE NÚMERO DE CONTROL |
| campo de control |
AQSWEDFR |
| 005 - FECHA Y HORA DE LA ÚLTIMA TRANSACCIÓN |
| campo de control |
20220326193251.0 |
| 008 - DATOS DE LONGITUD FIJA--INFORMACIÓN GENERAL |
| campo de control de longitud fija |
080407s2008 mauabf b 001 0deng |
| 010 ## - NÚMERO DE CONTROL DE LA BIBLIOTECA DEL CONGRESO |
| Número de control de LC |
2008014632 |
| 020 ## - NÚMERO INTERNACIONAL ESTÁNDAR DEL LIBRO |
| Número Internacional Estándar del Libro |
9780306816079 |
| 020 ## - NÚMERO INTERNACIONAL ESTÁNDAR DEL LIBRO |
| Número Internacional Estándar del Libro |
0306816075 |
| 024 ## - IDENTIFICADOR DE OTROS ESTÁNDARES |
| Número estándar o código |
99932065067 |
| 035 ## - NÚMERO DE CONTROL DEL SISTEMA |
| Número de control de sistema |
(OCoLC)222664703 |
| Número de control cancelado/no válido |
(OCoLC)191926180 |
| 035 ## - NÚMERO DE CONTROL DEL SISTEMA |
| Número de control de sistema |
(OCoLC)ocn222664703 |
| 035 ## - NÚMERO DE CONTROL DEL SISTEMA |
| Número de control de sistema |
(NNC)6971370 |
| 040 ## - FUENTE DE CATALOGACIÓN |
| Centro catalogador/agencia de origen |
DLC |
| Centro/agencia transcriptor |
DLC |
| Centro/agencia modificador |
BTCTA |
| -- |
BAKER |
| -- |
OCLCG |
| -- |
C#P |
| -- |
CDX |
| -- |
BWX |
| -- |
YDXCP |
| -- |
OrLoB-B |
| 043 ## - CÓDIGO DE ÁREA GEOGRÁFICA |
| Código de área geográfica |
ncnq--- |
| -- |
n-us--- |
| 050 00 - SIGNATURA TOPOGRÁFICA DE LA BIBLIOTECA DEL CONGRESO |
| Número de clasificación |
F1526.27 |
| Número de ítem |
.D36 2008 |
| 082 00 - NÚMERO DE LA CLASIFICACIÓN DECIMAL DEWEY |
| Número de clasificación |
972 |
| Número de ítem |
D177t |
| 100 1# - ENTRADA PRINCIPAL--NOMBRE DE PERSONA |
| Nombre de persona |
Dando-Collins, Stephen. |
| 9 (RLIN) |
621 |
| 245 10 - MENCIÓN DEL TÍTULO |
| Título |
Tycoon's war : |
| Resto del título |
how Cornelius Vanderbilt invaded a country to overthrow America's most famous military adventurer / |
| Mención de responsabilidad, etc. |
Stephen Dando-Collins. |
| 260 ## - PUBLICACIÓN, DISTRIBUCIÓN, ETC. |
| Lugar de publicación, distribución, etc. |
Cambridge, MA : |
| Nombre del editor, distribuidor, etc. |
Da Capo Press, |
| Fecha de publicación, distribución, etc. |
c2008. |
| 300 ## - DESCRIPCIÓN FÍSICA |
| Extensión |
vii, 373 p., [16] p. of plates : |
| Otras características físicas |
ill., maps ; |
| Dimensiones |
25 cm. |
| 504 ## - NOTA DE BIBLIOGRAFÍA, ETC. |
| Nota de bibliografía, etc. |
Includes bibliographical references (p. 343-346) and index. |
| 505 00 - NOTA DE CONTENIDO CON FORMATO |
| Información miscelánea |
1. |
| Título |
Gun-Barrel Diplomacy -- |
| Información miscelánea |
2. |
| Título |
Down, but Not Out -- |
| Información miscelánea |
3. |
| Título |
Enter the Colonel -- |
| Información miscelánea |
4. |
| Título |
Landing Behind Enemy Lines -- |
| Información miscelánea |
5. |
| Título |
The Battle of Rivas -- |
| Información miscelánea |
6. |
| Título |
Victory at La Virgen -- |
| Información miscelánea |
7. |
| Título |
Walker's Secret Plan -- |
| Información miscelánea |
8. |
| Título |
Taking Granada -- |
| Información miscelánea |
9. |
| Título |
The Walker Way -- |
| Información miscelánea |
10. |
| Título |
Closing In on the Prize -- |
| Información miscelánea |
11. |
| Título |
On a Collision Course -- |
| Información miscelánea |
12. |
| Título |
Blindsiding Vanderbilt -- |
| Información miscelánea |
13. |
| Título |
The Gathering Storm -- |
| Información miscelánea |
14. |
| Título |
Going to War with Walker -- |
| Información miscelánea |
15. |
| Título |
The Battle of Santa Rosa -- |
| Información miscelánea |
16. |
| Título |
Courts-Martial and Firing Squads -- |
| Información miscelánea |
17. |
| Título |
A Killing or Two -- |
| Información miscelánea |
18. |
| Título |
The Second Battle of Rivas -- |
| Información miscelánea |
19. |
| Título |
President Walker -- |
| Información miscelánea |
20. |
| Título |
Battles on All Fronts -- |
| Información miscelánea |
21. |
| Título |
New Battlegrounds -- |
| Información miscelánea |
22. |
| Título |
Wheeling and Dealing -- |
| Información miscelánea |
23. |
| Título |
Here Was Granada -- |
| Información miscelánea |
24. |
| Título |
Closing Nicaragua's Back Door -- |
| Información miscelánea |
25. |
| Título |
Operation San Juan -- |
| Información miscelánea |
26. |
| Título |
To the Victor, the Spoils -- |
| Información miscelánea |
27. |
| Título |
The Surrender -- |
| -- |
The Protagonists' Motives. |
| 520 1# - RESUMEN, ETC. |
| Sumario, etc. |
"Tycoon's War tells the story of an epic imperialist duel - a violent battle of the capitalist versus the idealist, money versus ambition, and a monumental clash of egos that resulted in the deaths of thousands of Americans." "Written by Stephen Dando-Collins, this incredible true story, impeccably researched. and never before told in full, is packed with greed, intrigue, and some of the most hair-raising battle scenes ever written. The story of the great tycoon's war reverberates to this day, telling us as much about where America is going as where it has been."--BOOK JACKET. |
| 600 10 - PUNTO DE ACCESO ADICIONAL DE MATERIA--NOMBRE DE PERSONA |
| Nombre de persona |
Vanderbilt, Cornelius, |
| Fechas asociadas al nombre |
1794-1877. |
| 9 (RLIN) |
622 |
| 600 10 - PUNTO DE ACCESO ADICIONAL DE MATERIA--NOMBRE DE PERSONA |
| Nombre de persona |
Walker, William, |
| Fechas asociadas al nombre |
1824-1860. |
| 9 (RLIN) |
623 |
| 610 20 - PUNTO DE ACCESO ADICIONAL DE MATERIA--NOMBRE DE ENTIDAD CORPORATIVA |
| Nombre de entidad corporativa o nombre de jurisdicción como elemento de entrada |
Compañía Accesoria del Tránsito |
| Subdivisión general |
History. |
| 9 (RLIN) |
624 |
| 650 #0 - PUNTO DE ACCESO ADICIONAL DE MATERIA--TÉRMINO DE MATERIA |
| Término de materia o nombre geográfico como elemento de entrada |
Businessmen |
| Subdivisión geográfica |
United States |
| Subdivisión de forma |
Biography. |
| 9 (RLIN) |
625 |
| 650 #0 - PUNTO DE ACCESO ADICIONAL DE MATERIA--TÉRMINO DE MATERIA |
| Término de materia o nombre geográfico como elemento de entrada |
Nicaragua- Historia- Filibusteros 1856-1857 |
| Subdivisión geográfica |
Nicaragua |
| Subdivisión general |
relaciones militares Nicaragua- Estados Unidos |
| -- |
Historia |
| 9 (RLIN) |
626 |
| 650 #0 - PUNTO DE ACCESO ADICIONAL DE MATERIA--TÉRMINO DE MATERIA |
| Término de materia o nombre geográfico como elemento de entrada |
Filibusters |
| Subdivisión geográfica |
Nicaragua |
| Subdivisión de forma |
Biography. |
| 9 (RLIN) |
627 |
| 651 #0 - PUNTO DE ACCESO ADICIONAL DE MATERIA--NOMBRE GEOGRÁFICO |
| Nombre geográfico |
Nicaragua |
| Subdivisión general |
History |
| Subdivisión cronológica |
Filibuster War, 1855-1860. |
| 9 (RLIN) |
628 |
| 651 #0 - PUNTO DE ACCESO ADICIONAL DE MATERIA--NOMBRE GEOGRÁFICO |
| Nombre geográfico |
United States |
| Subdivisión general |
Military relations |
| Subdivisión geográfica |
Nicaragua. |
| 9 (RLIN) |
629 |
| 651 #0 - PUNTO DE ACCESO ADICIONAL DE MATERIA--NOMBRE GEOGRÁFICO |
| Nombre geográfico |
Nicaragua |
| Subdivisión general |
Military relations |
| Subdivisión geográfica |
United States. |
| 9 (RLIN) |
630 |
| 651 #0 - PUNTO DE ACCESO ADICIONAL DE MATERIA--NOMBRE GEOGRÁFICO |
| Nombre geográfico |
Nicaragua Canal (Nicaragua) |
| Subdivisión general |
History. |
| 9 (RLIN) |
631 |
| 651 #0 - PUNTO DE ACCESO ADICIONAL DE MATERIA--NOMBRE GEOGRÁFICO |
| Nombre geográfico |
United States |
| Subdivisión general |
Foreign relations |
| Subdivisión cronológica |
1815-1861. |
| 9 (RLIN) |
632 |
| 700 ## - ENTRADA AGREGADA--NOMBRE PERSONAL |
| Nombre de persona |
Stephen Dando- Collins |
| 9 (RLIN) |
633 |
| 900 ## - ELEMENTOS DE DATOS A LOCAL, LDA (RLIN) |
| Numeración |
TOC |
| 948 1# - PROCESAMIENTO DE INFORMACIÓN LOCAL (OCLC); DESIGNADOR DE PARTE DE LA SERIE (RLIN) |
| Designador de la parte de la serie, SPT (RLIN) |
20090105 |
| b (OCLC) |
c |
| c (OCLC) |
rad1 |
| d (OCLC) |
MPS |